02014nam a2200229 a 4500008004100000020001800041041000800059092001700067100003800084245005900122250001100181260004000192300002200232500010000254505092500354590004801279655001701327942001301344999001501357952021301372952019901585161215t2015 spa |||g ||| 001 1 spa d a9789500751735 aspa c863l28sGAR1 aGarcía Márquez, Gabriel93265 3aEl otoño del patriarca /cGabriel García Márquez a1a ed. aBuenos Aires:bSudamericana;c2015. a304 p.c19x13 cm. aGarcía Márquez, G. (2015). El otoño del patriarca. (1a. ed). Buenos Aires : Sudamericana. aGabriel García Márquez ha declarado una y otra vez que El otoño del patriarca es la novela en la que más trabajo y esfuerzo invirtió. En efecto, García Márquez ha construido una maquinaria narrativa perfecta que desgrana una historia universal -la agonía y muerte de un dictador- en forma cíclica, experimental y real al mismo tiempo, en seis bloques narrativos sin diálogos, sin puntos y aparte, repitiendo una anécdota siempre igual y siempre distinta, acumulando hechos y descripciones deslumbrantes. Novela escrita en Barcelona, entre 1968 y 1975, El otoño del patriarca deja asomar en su trasfondo el acontecimiento más importante de la historia española de aquellos años -la muerte del general Franco-, aunque su contexto y estilo sean, como siempre en este escritor, el de la asombrosa realidad latinoamericana que García Márquez ha elevado una vez más a la dignidad de mito.  aDonación Julia Alfaro. Proyecto 4to libro aNovela93091 2ddccLIT c2428d2428 00102ddc4070aBFMbBFMcCRd2017-09-01eDonación Julia Alfaro, Agosto 2017l6m5o863 28 GARp3892r2023-12-21s2023-09-25tEj.1w2017-09-01yLITzProyecto 4to libro. Donación Julia Alfaro, Agosto 2017 00102ddc4070aBFMbBFMcCRd2019-05-31eDonación Cabanne, Julia. Mayo 2019l0o863 28 GARp4438r2019-05-31tEj. 2w2019-05-31yLITzProyecto 4to libro. Donación Cabanne, Julia. Mayo 2019